El Paludismo en el Bajo Llobregat : tercer informe (mayo 1924 : junio 1925) / Comisión Mixta Ejecutiva para la lucha antipalúdica en el Bajo Llobregat tercer informe (mayo 1924 :
Descripción Física:
26 p. ; 24 cm
Materias:
Paludisme -- Baix Llobregat
MARC
| LEADER | 00000nam a2200000Ia 4500 | ||
|---|---|---|---|
| 001 | 8737 | ||
| 008 | 160829s1925 xx 000 0 cat d | ||
| 080 | |a RF-6-30 | ||
| 100 | |a Comissió Mixta Executiva per a la Lluita Antipalúdica en el Baix Llobregat |9 20547 | ||
| 245 | |a El Paludismo en el Bajo Llobregat : |b tercer informe (mayo 1924 : |b junio 1925) / Comisión Mixta Ejecutiva para la lucha antipalúdica en el Bajo Llobregat | ||
| 260 | |a Barcelona : |b (Imp. de la Casa de Caridad), |c 1925 | ||
| 300 | |a 26 p. ; |c 24 cm | ||
| 590 | |a Hi ha un duplicat a: DUP-252 | ||
| 650 | |a Paludisme |x Baix Llobregat |9 20548 | ||
| 856 | 4 | |u https://media.diba.cat/diba/fitxers/arxiu/fulletons/bib_8737_1925_baixa.pdf |y Accés lliure | |
| 856 | 4 | |u https://media.diba.cat/diba/fitxers/arxiu/fulletons/bib_8737_1925_baixa.pdf |y Accés lliure | |
| 901 | |a Arxiu | ||
| 942 | |n 1 |2 udc | ||
| 952 | |0 0 |1 0 |4 0 |6 RF630 |7 1 |9 44762 |a Arxiu |b Arxiu |d 2016-12-01 |l 0 |o RF-6-30 |p 8737 |r 2016-12-01 00:00:00 |w 2016-12-01 |y ARXIU | ||
| 999 | |c 47344 |d 47344 | ||
| 900 | |a bib_8737_1925_baixa.pdf | ||